[Event "55th Rubinstein Memorial-A 2019"]
[Site "Polanica-Zdroj"]
[Date "2019.08.22"]
[Round "6.13"]
[White "Psyk, Radoslaw"]
[Black "Rogacewicz, Mikolaj"]
[Result "1-0"]
[WhiteElo "2326"]
[BlackElo "1925"]
[Annotator "NA"]
[PlyCount "123"]
[EventDate "2019.08.17"]
[EventType "swiss"]
[EventCountry "POL"]
[SourceTitle "playchess.com"]
[Source "ChessBase"]
[SourceQuality "1"]
[TimeControl "40/5400+30:1800+30"]

1. e4 {[%emt 0:06:36]} e6 {[%emt 0:00:00]} 2. d4 {[%emt 0:00:08]} d5 {[%emt 0:00:00]} 3. Nd2 {[%emt 0:00:01]} Nf6 {[%emt 0:00:02]} 4. e5 {[%emt 0:00:04]} Nfd7 {[%emt 0:00:06]} 5. Bd3 {[%emt 0:00:03]} c5 {[%emt 0:00:08]} 6. c3 {[%emt 0:00:02]} cxd4 {[%emt 0:00:09]} 7. cxd4 {[%emt 0:00:13]} Nc6 {[%emt 0:00:04]} 8. Ne2 {[%emt 0:00:07]} f6 {[%emt 0:00:09]} 9. exf6 {[%emt 0:00:18]} Nxf6 {[%emt 0:00:07]} 10. O-O {[%emt 0:00:07]} Bd6 {[%emt 0:00:06]} 11. Nf3 {[%emt 0:00:05]} Qc7 {[%emt 0:00:04]} 12. Bg5 {[%emt 0:00:24]} O-O {[%emt 0:00:09]} 13. Nc3 {[%emt 0:00:25]} a6 {[%emt 0:00:45]} 14. Bh4 {[%emt 0:00:16]} g6 {[%emt 0:13:40]} 15. Bg3 {[%emt 0:03:53]} Nh5 {[%emt 0:08:25]} 16. Bxd6 {[%emt 0:02:24]} Qxd6 {[%emt 0:00:12]} 17. Re1 {[%emt 0:01:34]} Bd7 {[%emt 0:07:07]} 18. Ne5 {[%emt 0:17:58]} Rf6 {[%emt 0:08:40]} 19. g3 {[%emt 0:06:23]} Re8 {[%emt 0:13:38]} 20. Qg4 {[%emt 0:06:20]} Kg7 {[%emt 0:16:00]} 21. Re2 {[%emt 0:04:02]} Ref8 {[%emt 0:04:56]} 22. Rae1 {[%emt 0:01:09]} b5 {[%emt 0:05:19]} 23. Nb1 {[%emt 0:08:49]} Nb4 {[%emt 0:06:09]} 24. Qg5 {[%emt 0:12:24]} Bc8 {[%emt 0:05:40]} 25. a3 {[%emt 0:03:07]} Nxd3 {[%emt 0:02:00]} 26. Nxd3 {[%emt 0:00:57]} Rf5 {[%emt 0:03:46]} 27. Qc1 {[%emt 0:03:40]} R5f7 {[%emt 0:01:42]} 28. Ne5 {[%emt 0:02:15]} Rc7 {[%emt 0:00:51]} 29. Rc2 {[%emt 0:00:01]} Rxc2 {[%emt 0:00:31]} 30. Qxc2 {[%emt 0:00:02]} Nf6 {[%emt 0:01:15]} 31. Nd2 {[%emt 0:01:54]} Bd7 {[%emt 0:00:32]} 32. Nb3 {[%emt 0:01:07]} Rc8 {[%emt 0:00:46]} 33. Nc5 {[%emt 0:00:15]} Be8 {[%emt 0:00:45]} 34. Qd2 {[%emt 0:01:25]} Nd7 {[%emt 0:01:10]} 35. Ncxd7 {[%emt 0:05:46]} Bxd7 {[%emt 0:00:05]} 36. h4 {[%emt 0:00:06]} Be8 {[%emt 0:01:25]} 37. Ng4 {[%emt 0:02:16]} Bf7 {[%emt 0:01:20]} 38. Qh6+ {[%emt 0:00:38]} Kh8 {[%emt 0:00:04]} 39. Qg5 {[%emt 0:06:44]} Qf8 {[%emt 0:00:45]} 40. Ne5 {[%emt 0:00:00]} Be8 {[%emt 0:00:00]} 41. Re3 {[%emt 0:03:00]} Qg7 {[%emt 0:13:20]} 42. Rf3 {[%emt 0:00:32]} Rc7 {[%emt 0:00:41]} 43. Qd8 {[%emt 0:01:31]} Qe7 {[%emt 0:00:49]} 44. Rf8+ {[%emt 0:00:44]} Qxf8 {[%emt 0:00:24]} 45. Qxc7 {[%emt 0:00:01]} b4 {[%emt 0:09:48]} 46. axb4 {[%emt 0:01:07]} Qxb4 {[%emt 0:01:54]} 47. Qc8 {[%emt 0:00:03]} Qe7 {[%emt 0:00:54]} 48. Qxa6 {[%emt 0:00:27]} Kg7 {[%emt 0:01:10]} 49. Qb6 {[%emt 0:00:17]} h5 {[%emt 0:02:51]} 50. Kg2 {[%emt 0:00:55]} Kf6 {[%emt 0:01:52]} 51. Qb8 {[%emt 0:00:53]} g5 {[%emt 0:00:49]} 52. Nf3 {[%emt 0:01:03]} gxh4 {[%emt 0:00:57]} 53. Qe5+ {[%emt 0:00:33]} Kg6 {[%emt 0:00:37]} 54. Nxh4+ {[%emt 0:00:01]} Kh7 {[%emt 0:00:21]} 55. Nf3 {[%emt 0:00:22]} Bf7 {[%emt 0:00:41]} 56. Qf4 {[%emt 0:00:54]} Bg6 {[%emt 0:00:38]} 57. Ng5+ {[%emt 0:01:04]} Kg8 {[%emt 0:00:07]} 58. Qb8+ {[%emt 0:00:03]} Be8 {[%emt 0:00:33]} 59. Qe5 {[%emt 0:00:06]} Bf7 {[%emt 0:00:38]} 60. Kh3 {[%emt 0:02:47]} Bg6 {[%emt 0:01:15]} 61. Nxe6 {[%emt 0:01:00]} Bf5+ {[%emt 0:00:59]} 62. Qxf5 {[%emt 0:00:07]} 1-0

[Event "55th Rubinstein Memorial-A 2019"]
[Site "Polanica-Zdroj"]
[Date "2019.08.22"]
[Round "6.14"]
[White "Lapaj, Mateusz"]
[Black "Hetzer, Volkhard"]
[Result "1-0"]
[WhiteElo "2233"]
[BlackElo "1931"]
[Annotator "NA"]
[PlyCount "65"]
[EventDate "2019.08.17"]
[EventType "swiss"]
[EventCountry "POL"]
[SourceTitle "playchess.com"]
[Source "ChessBase"]
[SourceQuality "1"]
[TimeControl "40/5400+30:1800+30"]

1. d4 {[%emt 0:00:00]} d5 {[%emt 0:00:00]} 2. Nf3 {[%emt 0:00:00]} Nf6 {[%emt 0:00:00]} 3. c4 {[%emt 0:00:00]} c6 {[%emt 0:00:00]} 4. Nc3 {[%emt 0:00:13]} a6 {[%emt 0:01:27]} 5. c5 {[%emt 0:22:19]} Nbd7 6. Bf4 {[%emt 0:02:25]} Nh5 {[%emt 0:01:53]} 7. e3 {[%emt 0:02:24]} Nxf4 {[%emt 0:03:12]} 8. exf4 {[%emt 0:01:15]} Nf6 {[%emt 0:01:32]} 9. Ne5 {[%emt 0:11:04]} g6 {[%emt 0:05:55]} 10. Bd3 {[%emt 0:01:59]} Bf5 {[%emt 0:02:47]} 11. Bxf5 {[%emt 0:02:32]} gxf5 {[%emt 0:00:12]} 12. O-O {[%emt 0:00:22]} Bg7 {[%emt 0:12:54]} 13. Re1 {[%emt 0:12:50]} O-O {[%emt 0:00:27]} 14. Re3 {[%emt 0:02:18]} Kh8 {[%emt 0:11:17]} 15. Rh3 {[%emt 0:00:37]} e6 {[%emt 0:04:39]} 16. Ne2 {[%emt 0:08:56]} Ne4 {[%emt 0:17:08]} 17. f3 {[%emt 0:00:10]} Nf6 {[%emt 0:02:11]} 18. Qe1 {[%emt 0:08:13]} Ne8 {[%emt 0:06:56]} 19. Kh1 {[%emt 0:01:09]} Rc8 {[%emt 0:05:46]} 20. g4 {[%emt 0:01:06]} fxg4 {[%emt 0:00:36]} 21. fxg4 {[%emt 0:00:16]} Kg8 {[%emt 0:06:18]} 22. g5 {[%emt 0:05:34]} f6 {[%emt 0:01:01]} 23. Nf3 {[%emt 0:05:26]} Rc7 {[%emt 0:07:12]} 24. Qh4 {[%emt 0:00:21]} Kf7 {[%emt 0:01:47]} 25. g6+ {[%emt 0:03:04]} Ke7 {[%emt 0:02:48]} 26. gxh7 {[%emt 0:00:02]} Kd7 {[%emt 0:00:12]} 27. Rg1 {[%emt 0:00:20]} Rh8 {[%emt 0:00:58]} 28. f5 {[%emt 0:01:06]} e5 {[%emt 0:01:13]} 29. dxe5 {[%emt 0:00:30]} fxe5 {[%emt 0:00:04]} 30. Rxg7+ {[%emt 0:00:46]} Nxg7 {[%emt 0:00:09]} 31. Nxe5+ {[%emt 0:00:25]} Kc8 {[%emt 0:00:04]} 32. Qxd8+ {[%emt 0:00:27]} Kxd8 {[%emt 0:00:08]} 33. Ng6 {[%emt 0:00:10]} 1-0

[Event "55th Rubinstein Memorial-A 2019"]
[Site "Polanica-Zdroj"]
[Date "2019.08.22"]
[Round "6.15"]
[White "Majek, Kacper"]
[Black "Wisniewski, Michal"]
[Result "1/2-1/2"]
[WhiteElo "1984"]
[BlackElo "2130"]
[Annotator "NA"]
[PlyCount "101"]
[EventDate "2019.08.17"]
[EventType "swiss"]
[EventCountry "POL"]
[SourceTitle "playchess.com"]
[Source "ChessBase"]
[SourceQuality "1"]
[TimeControl "40/5400+30:1800+30"]

1. Nf3 {[%emt 0:00:00]} Nf6 {[%emt 0:06:45]} 2. g3 {[%emt 0:00:26]} d5 {[%emt 0:00:05]} 3. Bg2 {[%emt 0:00:46]} Bf5 {[%emt 0:00:12]} 4. O-O {[%emt 0:00:23]} e6 {[%emt 0:00:06]} 5. d3 {[%emt 0:00:09]} h6 {[%emt 0:00:04]} 6. Nbd2 {[%emt 0:00:19]} Be7 {[%emt 0:00:13]} 7. Qe1 {[%emt 0:01:18]} Nbd7 {[%emt 0:00:53]} 8. e4 {[%emt 0:00:09]} dxe4 {[%emt 0:00:03]} 9. dxe4 {[%emt 0:00:06]} Bh7 {[%emt 0:00:02]} 10. Nd4 {[%emt 0:09:24]} c6 {[%emt 0:02:31]} 11. N4b3 {[%emt 0:03:19]} e5 {[%emt 0:03:07]} 12. f4 {[%emt 0:04:33]} O-O {[%emt 0:00:05]} 13. Nc4 {[%emt 0:02:33]} b5 {[%emt 0:27:57]} 14. Nxe5 {[%emt 0:01:20]} Nxe5 {[%emt 0:00:04]} 15. fxe5 {[%emt 0:00:08]} Nd7 {[%emt 0:00:25]} 16. e6 {[%emt 0:09:47]} fxe6 {[%emt 0:00:20]} 17. Rxf8+ {[%emt 0:00:06]} Nxf8 {[%emt 0:00:54]} 18. Be3 {[%emt 0:01:09]} Qc7 {[%emt 0:00:06]} 19. Qf2 {[%emt 0:02:27]} Nd7 {[%emt 0:06:30]} 20. Rd1 {[%emt 0:04:35]} e5 {[%emt 0:04:03]} 21. Qe2 {[%emt 0:07:49]} Nf6 {[%emt 0:06:42]} 22. Nc5 {[%emt 0:00:40]} Rd8 {[%emt 0:04:22]} 23. Rf1 {[%emt 0:00:48]} Bxc5 {[%emt 0:00:14]} 24. Bxc5 {[%emt 0:00:07]} Qd7 {[%emt 0:00:01]} 25. Qe3 {[%emt 0:04:07]} a6 {[%emt 0:05:50]} 26. Bf3 {[%emt 0:04:26]} Bg6 {[%emt 0:06:38]} 27. Bb6 {[%emt 0:00:46]} Qd2 {[%emt 0:01:03]} 28. Qc5 {[%emt 0:05:03]} Qd6 {[%emt 0:00:01]} 29. Qc3 {[%emt 0:00:58]} Rd7 {[%emt 0:01:04]} 30. Bc5 {[%emt 0:00:25]} Qe6 {[%emt 0:00:24]} 31. Re1 {[%emt 0:00:53]} Kh7 {[%emt 0:01:34]} 32. b3 {[%emt 0:01:16]} h5 {[%emt 0:02:00]} 33. Qe3 {[%emt 0:05:14]} Ng4 {[%emt 0:04:16]} 34. Qe2 {[%emt 0:01:54]} Nf6 {[%emt 0:00:08]} 35. Qe3 {[%emt 0:10:12]} Ng4 {[%emt 0:00:02]} 36. Qc3 {[%emt 0:00:32]} Nf6 {[%emt 0:01:00]} 37. Bg2 {[%emt 0:00:44]} h4 {[%emt 0:06:02]} 38. gxh4 {[%emt 0:01:17]} Qg4 {[%emt 0:00:05]} 39. h3 {[%emt 0:05:11]} Qxh4 {[%emt 0:01:48]} 40. Bf2 {[%emt 0:00:00]} Qg5 {[%emt 0:00:00]} 41. h4 {[%emt 0:13:56]} Qg4 {[%emt 0:02:10]} 42. Qxe5 {[%emt 0:00:44]} Rd1 {[%emt 0:00:20]} 43. Qg3 {[%emt 0:13:23]} Qe2 {[%emt 0:14:31]} 44. Bf3 {[%emt 0:00:30]} Rxe1+ {[%emt 0:00:21]} 45. Bxe1 {[%emt 0:00:02]} Qxc2 {[%emt 0:00:19]} 46. e5 {[%emt 0:00:33]} Nd5 {[%emt 0:06:30]} 47. Qf2 {[%emt 0:08:37]} Qf5 {[%emt 0:02:47]} 48. Bxd5 {[%emt 0:00:21]} cxd5 {[%emt 0:00:18]} 49. Qxf5 {[%emt 0:00:17]} Bxf5 {[%emt 0:00:04]} 50. Kf2 {[%emt 0:00:48] Kf3} d4 {[%emt 0:00:22]} 51. Kf3 {[%emt 0:00:54]} 1/2-1/2

[Event "55th Rubinstein Memorial-A 2019"]
[Site "Polanica-Zdroj"]
[Date "2019.08.22"]
[Round "6.16"]
[White "Kopica, Paulina"]
[Black "Slomczewski, Michal"]
[Result "0-1"]
[WhiteElo "1932"]
[BlackElo "2115"]
[Annotator "NA"]
[PlyCount "70"]
[EventDate "2019.08.17"]
[EventType "swiss"]
[EventCountry "POL"]
[SourceTitle "playchess.com"]
[Source "ChessBase"]
[SourceQuality "1"]
[TimeControl "40/5400+30:1800+30"]

1. e4 {[%emt 0:00:00]} c5 {[%emt 0:00:18]} 2. Nf3 {[%emt 0:00:00]} e6 {[%emt 0:00:06]} 3. d4 {[%emt 0:00:00]} cxd4 {[%emt 0:00:09]} 4. Nxd4 {[%emt 0:00:00]} Nc6 {[%emt 0:00:08]} 5. Nxc6 {[%emt 0:00:08]} bxc6 {[%emt 0:00:06]} 6. Bd3 {[%emt 0:00:15]} Nf6 {[%emt 0:01:13]} 7. O-O {[%emt 0:00:39]} d5 {[%emt 0:00:55]} 8. Nd2 {[%emt 0:00:47]} Be7 {[%emt 0:15:04]} 9. b3 {[%emt 0:03:16]} Nd7 {[%emt 0:12:03]} 10. Bb2 {[%emt 0:07:18]} Bf6 {[%emt 0:00:55]} 11. Bxf6 {[%emt 0:02:22]} Qxf6 {[%emt 0:00:11]} 12. f4 {[%emt 0:07:06]} Qd4+ {[%emt 0:14:07]} 13. Kh1 {[%emt 0:00:07]} Nc5 {[%emt 0:00:10]} 14. Nf3 {[%emt 0:04:07]} Qe3 {[%emt 0:07:35]} 15. Qd2 {[%emt 0:04:38]} Qxd2 {[%emt 0:00:26]} 16. Nxd2 Ba6 {[%emt 0:12:30]} 17. Bxa6 {[%emt 0:00:44]} Nxa6 {[%emt 0:00:01]} 18. c3 Ke7 19. Kg1 {[%emt 0:23:59]} Nc5 {[%emt 0:07:09]} 20. e5 Nd7 {[%emt 0:05:46]} 21. Nf3 {[%emt 0:05:55]} a5 {[%emt 0:01:35]} 22. Rfd1 {[%emt 0:12:10]} Rhc8 {[%emt 0:00:59]} 23. c4 {[%emt 0:13:26]} a4 {[%emt 0:06:35]} 24. Nd4 {[%emt 0:05:53]} f6 {[%emt 0:02:40]} 25. exf6+ {[%emt 0:01:36]} gxf6 {[%emt 0:00:34]} 26. Nf3 {[%emt 0:02:15]} axb3 {[%emt 0:05:22]} 27. axb3 {[%emt 0:00:03]} Rxa1 {[%emt 0:00:28]} 28. Rxa1 {[%emt 0:00:02]} e5 {[%emt 0:00:21]} 29. fxe5 {[%emt 0:01:02]} fxe5 {[%emt 0:00:13]} 30. Ra5 {[%emt 0:03:51]} Kd6 {[%emt 0:03:03]} 31. Kf2 {[%emt 0:02:16]} Nc5 32. Nxe5 {[%emt 0:01:21]} Ne4+ {[%emt 0:01:56]} 33. Ke3 {[%emt 0:00:30]} Kxe5 {[%emt 0:00:10]} 34. b4 {[%emt 0:00:27]} Rb8 {[%emt 0:02:24]} 35. b5 {[%emt 0:00:41]} Nd6 {[%emt 0:00:39] Kd4+} 0-1

[Event "55th Rubinstein Memorial-A 2019"]
[Site "Polanica-Zdroj"]
[Date "2019.08.22"]
[Round "6.17"]
[White "Szczurek, Krzysztof"]
[Black "Hasterok, Mateusz"]
[Result "1-0"]
[WhiteElo "2112"]
[BlackElo "1911"]
[Annotator "NA"]
[PlyCount "51"]
[EventDate "2019.08.17"]
[EventType "swiss"]
[EventCountry "POL"]
[SourceTitle "playchess.com"]
[Source "ChessBase"]
[SourceQuality "1"]
[TimeControl "40/5400+30:1800+30"]

1. Nf3 {[%emt 0:00:00]} f5 {[%emt 0:00:00]} 2. g3 {[%emt 0:00:00]} Nf6 {[%emt 0:00:00]} 3. Bg2 {[%emt 0:00:00]} g6 {[%emt 0:00:00]} 4. O-O {[%emt 0:00:04]} Bg7 {[%emt 0:00:00]} 5. d4 {[%emt 0:00:37]} O-O {[%emt 0:00:00]} 6. c4 {[%emt 0:00:04]} d6 {[%emt 0:00:00]} 7. Nc3 {[%emt 0:00:14]} Qe8 {[%emt 0:00:00]} 8. Bg5 {[%emt 0:02:25]} c6 {[%emt 0:12:05]} 9. Bxf6 {[%emt 0:04:49]} Bxf6 {[%emt 0:01:13]} 10. e4 {[%emt 0:00:11]} e5 {[%emt 0:01:53]} 11. Re1 {[%emt 0:01:01]} f4 {[%emt 0:06:30]} 12. gxf4 {[%emt 0:02:07]} exf4 {[%emt 0:06:36]} 13. e5 {[%emt 0:00:06]} dxe5 {[%emt 0:00:28]} 14. Ne4 {[%emt 0:01:44]} Nd7 {[%emt 0:07:54]} 15. Nxf6+ {[%emt 0:16:17]} Rxf6 {[%emt 0:02:20]} 16. dxe5 {[%emt 0:00:29]} Rf5 {[%emt 0:01:11]} 17. Bh3 Nc5 18. e6 {[%emt 0:15:52]} Rf6 {[%emt 0:15:57]} 19. Qd6 {[%emt 0:05:54]} b6 20. Rad1 a5 {[%emt 0:08:29]} 21. Qd8 {[%emt 0:04:29]} Rf8 {[%emt 0:03:38]} 22. Qh4 {[%emt 0:01:27]} Ra7 {[%emt 0:01:54]} 23. e7 {[%emt 0:00:20]} Rxe7 {[%emt 0:02:40]} 24. Rxe7 {[%emt 0:00:07]} Qxe7 {[%emt 0:00:06]} 25. Qxe7 {[%emt 0:00:04]} Bxh3 {[%emt 0:00:03]} 26. Ng5 {[%emt 0:00:11]} 1-0

[Event "55th Rubinstein Memorial-A 2019"]
[Site "Polanica-Zdroj"]
[Date "2019.08.22"]
[Round "6.18"]
[White "Goraj, Barbara"]
[Black "Malicka, Maria"]
[Result "1/2-1/2"]
[WhiteElo "1800"]
[BlackElo "2062"]
[Annotator "NA"]
[PlyCount "88"]
[EventDate "2019.08.17"]
[EventType "swiss"]
[EventCountry "POL"]
[SourceTitle "playchess.com"]
[Source "ChessBase"]
[SourceQuality "1"]
[TimeControl "40/5400+30:1800+30"]

1. e4 {[%emt 0:00:00]} e5 {[%emt 0:00:00]} 2. Nf3 {[%emt 0:00:00]} Nc6 {[%emt 0:00:00]} 3. Bb5 {[%emt 0:00:00]} a6 {[%emt 0:00:00]} 4. Ba4 {[%emt 0:00:00]} Nf6 {[%emt 0:00:00]} 5. O-O {[%emt 0:00:05]} Be7 {[%emt 0:00:00]} 6. Re1 {[%emt 0:01:22]} b5 7. Bb3 {[%emt 0:00:07]} d6 {[%emt 0:00:05]} 8. a4 {[%emt 0:00:43]} b4 {[%emt 0:08:04]} 9. d4 {[%emt 0:01:14]} Bg4 {[%emt 0:05:26]} 10. dxe5 {[%emt 0:11:42]} Nxe5 {[%emt 0:02:43]} 11. Nbd2 {[%emt 0:01:20]} O-O {[%emt 0:01:09]} 12. Qe2 {[%emt 0:03:25]} Re8 {[%emt 0:13:05]} 13. Qe3 {[%emt 0:07:30]} Bf8 {[%emt 0:05:05]} 14. Nxe5 {[%emt 0:05:45]} dxe5 {[%emt 0:02:16]} 15. Bc4 {[%emt 0:04:35]} Qd6 16. Nb3 Rad8 {[%emt 0:08:09]} 17. f3 {[%emt 0:07:26]} Be6 {[%emt 0:00:49]} 18. Bf1 {[%emt 0:03:27]} Qc6 {[%emt 0:06:57]} 19. Qf2 {[%emt 0:00:43]} Bxb3 {[%emt 0:04:54]} 20. cxb3 {[%emt 0:00:46]} Bc5 {[%emt 0:00:28]} 21. Be3 {[%emt 0:00:13]} Bxe3 {[%emt 0:03:24]} 22. Qxe3 {[%emt 0:00:30]} Rd4 {[%emt 0:00:30]} 23. Rac1 {[%emt 0:00:30]} Qb6 24. Rc2 {[%emt 0:03:48]} c5 {[%emt 0:03:38]} 25. g3 {[%emt 0:07:06]} Rc8 26. Kh1 {[%emt 0:05:28]} Qd6 {[%emt 0:07:50]} 27. Qe2 {[%emt 0:04:23]} c4 {[%emt 0:02:37]} 28. Rec1 {[%emt 0:03:57]} Rd8 {[%emt 0:03:41]} 29. Rxc4 {[%emt 0:05:39]} Rd2 {[%emt 0:00:11]} 30. Qe3 {[%emt 0:08:13]} Rxb2 {[%emt 0:01:27]} 31. R4c2 {[%emt 0:02:36]} Rxc2 {[%emt 0:00:24]} 32. Rxc2 {[%emt 0:00:06]} h6 {[%emt 0:01:41]} 33. Be2 {[%emt 0:01:25]} Nh7 {[%emt 0:04:17]} 34. Qc5 {[%emt 0:02:16]} Ng5 {[%emt 0:01:11]} 35. h4 {[%emt 0:04:00]} Ne6 {[%emt 0:00:22]} 36. Qxd6 {[%emt 0:01:46]} Rxd6 {[%emt 0:00:00]} 37. Rc8+ {[%emt 0:00:09]} Kh7 {[%emt 0:00:22]} 38. Bc4 {[%emt 0:00:17]} Kg6 {[%emt 0:04:57]} 39. Bxe6 {[%emt 0:02:09]} fxe6 {[%emt 0:00:07]} 40. Rb8 {[%emt 0:00:00]} a5 {[%emt 0:00:00]} 41. Rb5 Rd3 {[%emt 0:03:24]} 42. Kg2 {[%emt 0:06:08]} Kf6 {[%emt 0:00:11]} 43. Rxa5 {[%emt 0:00:09]} Rxb3 {[%emt 0:00:03]} 44. Rb5 {[%emt 0:00:36]} Rb1 {[%emt 0:01:47]} 1/2-1/2

[Event "55th Rubinstein Memorial-A 2019"]
[Site "Polanica-Zdroj"]
[Date "2019.08.22"]
[Round "6.19"]
[White "Rosicki, Marcin"]
[Black "Rak, Maciej"]
[Result "1-0"]
[WhiteElo "2042"]
[BlackElo "1779"]
[Annotator "NA"]
[PlyCount "79"]
[EventDate "2019.08.17"]
[EventType "swiss"]
[EventCountry "POL"]
[SourceTitle "playchess.com"]
[Source "ChessBase"]
[SourceQuality "1"]
[TimeControl "40/5400+30:1800+30"]

1. e4 {[%emt 0:00:00]} c5 {[%emt 0:00:00]} 2. c4 {[%emt 0:00:00]} e6 {[%emt 0:00:42]} 3. Nf3 {[%emt 0:00:07]} a6 {[%emt 0:01:27]} 4. d4 {[%emt 0:00:08]} cxd4 {[%emt 0:00:16]} 5. Nxd4 {[%emt 0:00:03]} Nf6 {[%emt 0:00:41]} 6. Nc3 {[%emt 0:00:07]} Bb4 {[%emt 0:01:01]} 7. Bd3 {[%emt 0:02:37]} Qc7 {[%emt 0:01:50]} 8. O-O {[%emt 0:01:51]} Nc6 {[%emt 0:01:30]} 9. Nxc6 {[%emt 0:01:33]} dxc6 {[%emt 0:02:56]} 10. a3 {[%emt 0:03:44]} Bc5 {[%emt 0:09:50]} 11. b4 {[%emt 0:07:45]} Bd4 {[%emt 0:02:26]} 12. Bd2 {[%emt 0:00:17]} h5 {[%emt 0:07:50]} 13. Rc1 Ng4 {[%emt 0:30:03]} 14. g3 {[%emt 0:18:42]} Nxf2 {[%emt 0:07:43]} 15. Rxf2 {[%emt 0:02:47]} e5 {[%emt 0:12:09]} 16. Kg2 {[%emt 0:13:26]} Bg4 17. Be2 {[%emt 0:02:03]} Bxf2 {[%emt 0:01:23]} 18. Bxg4 {[%emt 0:13:20]} hxg4 {[%emt 0:00:07]} 19. Kxf2 {[%emt 0:00:04]} Rd8 {[%emt 0:02:53]} 20. Kg2 {[%emt 0:01:15]} Qd6 {[%emt 0:03:13]} 21. Be3 {[%emt 0:05:07]} Qd3 {[%emt 0:05:28]} 22. Bb6 {[%emt 0:02:14]} Qxd1 {[%emt 0:03:21]} 23. Rxd1 {[%emt 0:00:11]} Rd7 {[%emt 0:02:15]} 24. Rxd7 {[%emt 0:00:45]} Kxd7 {[%emt 0:00:01]} 25. Nd1 {[%emt 0:00:08]} Ke6 {[%emt 0:02:46]} 26. Ne3 {[%emt 0:00:09]} g6 {[%emt 0:00:32]} 27. Nxg4 {[%emt 0:01:04]} f5 {[%emt 0:00:30]} 28. Nf2 {[%emt 0:03:34]} Rh7 {[%emt 0:00:30]} 29. exf5+ {[%emt 0:05:13]} Kxf5 {[%emt 0:00:30]} 30. Be3 {[%emt 0:01:42]} e4 {[%emt 0:00:24]} 31. g4+ {[%emt 0:01:33]} Ke5 {[%emt 0:00:01]} 32. Nh3 {[%emt 0:04:19]} Rf7 {[%emt 0:01:05]} 33. Ng5 {[%emt 0:01:50]} Rd7 {[%emt 0:00:32]} 34. h4 {[%emt 0:01:32]} Rd3 {[%emt 0:00:27]} 35. Kf2 {[%emt 0:00:25]} Rxa3 {[%emt 0:00:31]} 36. h5 {[%emt 0:00:05]} gxh5 {[%emt 0:00:33]} 37. gxh5 {[%emt 0:00:04]} Kf5 {[%emt 0:00:31]} 38. h6 {[%emt 0:00:21]} Ra2+ {[%emt 0:00:27]} 39. Kg3 {[%emt 0:00:08]} b5 {[%emt 0:00:34]} 40. h7 {[%emt 0:00:00]} 1-0

[Event "55th Rubinstein Memorial-A 2019"]
[Site "Polanica-Zdroj"]
[Date "2019.08.22"]
[Round "6.20"]
[White "Czarniecka, Aleksandra"]
[Black "Wieczorek, Mikolaj"]
[Result "1/2-1/2"]
[WhiteElo "2042"]
[BlackElo "1709"]
[Annotator "NA"]
[PlyCount "108"]
[EventDate "2019.08.17"]
[EventType "swiss"]
[EventCountry "POL"]
[SourceTitle "playchess.com"]
[Source "ChessBase"]
[SourceQuality "1"]
[TimeControl "40/5400+30:1800+30"]

1. e4 {[%emt 0:00:00]} c5 {[%emt 0:00:00]} 2. b3 {[%emt 0:00:00]} Nc6 {[%emt 0:01:05]} 3. Bb2 {[%emt 0:00:32]} e5 {[%emt 0:00:40]} 4. Nf3 {[%emt 0:00:43]} d6 {[%emt 0:00:14]} 5. Bc4 {[%emt 0:02:59]} g6 {[%emt 0:05:07]} 6. Nc3 {[%emt 0:03:23]} Bg7 {[%emt 0:01:11]} 7. d3 {[%emt 0:02:27]} Nge7 {[%emt 0:02:25]} 8. O-O {[%emt 0:05:40]} O-O {[%emt 0:01:37]} 9. Nd5 {[%emt 0:07:17]} Nxd5 {[%emt 0:04:03]} 10. Bxd5 {[%emt 0:02:50]} Ne7 {[%emt 0:01:35]} 11. Bc4 {[%emt 0:02:08]} Nc6 {[%emt 0:04:09]} 12. Qd2 {[%emt 0:13:18]} h6 {[%emt 0:05:21]} 13. h3 {[%emt 0:05:16]} Kh7 {[%emt 0:01:18]} 14. Nh2 {[%emt 0:07:09]} h5 {[%emt 0:02:37]} 15. Nf3 Bh6 {[%emt 0:00:57]} 16. Qe2 {[%emt 0:04:53]} f5 {[%emt 0:04:03]} 17. exf5 {[%emt 0:02:02]} gxf5 {[%emt 0:06:51]} 18. Bc1 {[%emt 0:03:27]} f4 {[%emt 0:00:40]} 19. Bd5 {[%emt 0:11:02]} Bf5 {[%emt 0:12:58]} 20. c3 Qe7 {[%emt 0:06:41]} 21. Be4 {[%emt 0:01:39]} Rad8 {[%emt 0:05:59]} 22. d4 {[%emt 0:11:19]} exd4 {[%emt 0:05:27]} 23. Bxf5+ {[%emt 0:00:07]} Rxf5 {[%emt 0:00:03]} 24. Qd3 {[%emt 0:01:32]} Qf6 {[%emt 0:00:35]} 25. Nh4 {[%emt 0:00:24]} Rf8 {[%emt 0:00:52]} 26. Qxf5+ {[%emt 0:00:36]} Qxf5 {[%emt 0:00:05]} 27. Nxf5 {[%emt 0:00:03]} Rxf5 {[%emt 0:00:03]} 28. cxd4 {[%emt 0:00:40]} Nxd4 {[%emt 0:00:17]} 29. Re1 {[%emt 0:01:28]} Rf7 {[%emt 0:01:40]} 30. Re8 {[%emt 0:01:23]} Bg7 {[%emt 0:05:54]} 31. Rb1 {[%emt 0:01:26]} Be5 {[%emt 0:00:16]} 32. Kf1 {[%emt 0:01:30]} h4 {[%emt 0:02:23]} 33. Bb2 {[%emt 0:02:34]} f3 {[%emt 0:01:29]} 34. Bxd4 {[%emt 0:04:42]} Bxd4 {[%emt 0:00:12]} 35. g3 {[%emt 0:00:14]} hxg3 {[%emt 0:01:33]} 36. fxg3 {[%emt 0:00:02]} Rg7 {[%emt 0:01:12]} 37. g4 {[%emt 0:00:30]} Kg6 {[%emt 0:00:13]} 38. h4 {[%emt 0:00:54]} f2 {[%emt 0:11:41]} 39. Rd1 {[%emt 0:01:35]} Rf7 {[%emt 0:00:18]} 40. Re6+ {[%emt 0:00:00]} Kg7 41. Re4 {[%emt 0:09:46]} Rf3 {[%emt 0:09:35]} 42. Kg2 {[%emt 0:03:21]} Rf7 43. h5 {[%emt 0:04:35]} d5 {[%emt 0:01:43]} 44. Re6 {[%emt 0:01:01]} Rf4 {[%emt 0:02:57]} 45. Rg6+ {[%emt 0:00:25]} Kf7 {[%emt 0:01:06]} 46. Rg5 {[%emt 0:04:49]} Re4 {[%emt 0:01:01]} 47. Kf1 {[%emt 0:01:59]} Kf6 {[%emt 0:02:31]} 48. Rg6+ {[%emt 0:00:06]} Kf7 {[%emt 0:00:05]} 49. Rg5 {[%emt 0:02:40]} Kf6 {[%emt 0:00:07]} 50. Rg6+ {[%emt 0:03:22]} Kf7 {[%emt 0:00:04]} 51. Rxd4 {[%emt 0:01:29]} cxd4 {[%emt 0:01:49]} 52. g5 {[%emt 0:01:53]} Re5 {[%emt 0:04:53]} 53. Rf6+ {[%emt 0:02:11]} Kg8 {[%emt 0:01:17]} 54. Rg6+ {[%emt 0:00:13]} Kf7 {[%emt 0:00:04]} 1/2-1/2